00710nam a2200289Ia 4500008004100000020001800041050001400059100001900073245003200092245005100124260002500175260001600200260000900216300001400225300001400239300001000253440002300263500000800286650001400294650001700308650001600325650001400341650002400355700001200379700001800391700001100409180803s9999 xx 000 0 und d a9780439314206 bM168 2001 aMcMullan, Kate 0aFluffy goes apple picking / 0cby Kate McMullan ; illustrated by Mavis Smith. aNew York, New York : bScholastic, c2001 aunpaged : bcolored ; c23cm. aScholastic reader. a150 aApples -- aGuinea pigs. xHarvesting. xOrchards. xSchool field trips. aSeries. aSmith, Mavis. aTitle.